Hướng dẫn chẩn đoán và điều trị một số bệnh thường gặp ở trẻ em : Ban hành kèm theo Quyết định số 3312/QĐ-BYT ngày 07/8/2015 của Bộ trưởng Bộ Y Tế
Tài liệu bao gồm 127 bài hướng dẫn một số bệnh thường gặp ở trẻ em. Trong đó, tập trung vào hướng dẫn thực hành chẩn đoán và điều trị, vì vậy sẽ rất hữu ích cho các thầy thuốc đa khoa, chuyên khoa trong thực hành lâm sàng hàng ngày...
Salvato in:
| Autore principale: | |
|---|---|
| Ente Autore: | |
| Altri autori: | , |
| Natura: | Libro |
| Lingua: | Vietnamese |
| Pubblicazione: |
H.
Y học
2016
|
| Soggetti: | |
| Tags: |
Aggiungi Tag
Nessun Tag, puoi essere il primo ad aggiungerne! !
|
| Thư viện lưu trữ: | Thư viện Trường Đại học Nam Cần Thơ |
|---|
| LEADER | 02082nam a22002777a 4500 | ||
|---|---|---|---|
| 001 | NCT_28836 | ||
| 008 | 180412b xxu||||| |||| 00| 0 vie d | ||
| 999 | |c 1385 |d 1385 | ||
| 020 | |a 9786046617686 |c 290000 | ||
| 082 | 0 | 4 | |2 23rd ed. |a 618.92 |b X527 |
| 100 | 1 | |a Nguyễn Thị Xuyên |e Chủ biên | |
| 245 | 1 | 0 | |a Hướng dẫn chẩn đoán và điều trị một số bệnh thường gặp ở trẻ em |b : Ban hành kèm theo Quyết định số 3312/QĐ-BYT ngày 07/8/2015 của Bộ trưởng Bộ Y Tế |c Nguyễn Thị Xuyên, Lê Thanh Hải, Lương Ngọc Khuê |
| 260 | |a H. |b Y học |c 2016 | ||
| 300 | |a 791 tr. |c 27cm | ||
| 520 | 3 | |a Tài liệu bao gồm 127 bài hướng dẫn một số bệnh thường gặp ở trẻ em. Trong đó, tập trung vào hướng dẫn thực hành chẩn đoán và điều trị, vì vậy sẽ rất hữu ích cho các thầy thuốc đa khoa, chuyên khoa trong thực hành lâm sàng hàng ngày | |
| 653 | |a Y đa khoa | ||
| 700 | 1 | |a Lê Thanh Hải |e Đồng chủ biên | |
| 700 | 1 | |a Lương Ngọc Khuê |e Đồng chủ biên | |
| 710 | |a Bộ Y Tế | ||
| 942 | |2 ddc |c BK | ||
| 952 | |0 0 |1 0 |2 ddc |4 0 |6 618_920000000000000_X527 |7 0 |9 6813 |a 000001 |b 000001 |d 2018-04-12 |o 618.92 X527 |p MD.11859 |r 2018-04-12 |v 290000.00 |w 2018-04-12 |y BK | ||
| 952 | |0 0 |1 0 |2 ddc |4 0 |6 618_920000000000000_X527 |7 0 |9 6814 |a 000001 |b 000001 |d 2018-04-12 |o 618.92 X527 |p MD.11861 |r 2018-04-12 |v 290000.00 |w 2018-04-12 |y BK | ||
| 952 | |0 0 |1 0 |2 ddc |4 0 |6 618_920000000000000_X527 |7 0 |9 6815 |a 000001 |b 000001 |d 2018-04-12 |o 618.92 X527 |p MD.11990 |r 2018-04-12 |v 290000.00 |w 2018-04-12 |y BK | ||
| 952 | |0 0 |1 0 |2 ddc |4 0 |6 618_920000000000000_X527 |7 0 |9 6817 |a 000001 |b 000001 |d 2018-04-12 |o 618.92 X527 |p MD.12055 |r 2018-04-12 |v 290000.00 |w 2018-04-12 |y BK | ||
| 952 | |0 0 |1 0 |2 ddc |4 0 |6 618_920000000000000_X527 |7 0 |9 6818 |a 000001 |b 000001 |d 2018-04-12 |o 618.92 X527 |p MD.11115 |r 2018-04-12 |v 290000.00 |w 2018-04-12 |y BK | ||
| 980 | |a Thư viện Trường Đại học Nam Cần Thơ | ||


